Life and Experiences of A Bengali Chemist/ (Record no. 186793)
[ view plain ]
| 000 -LEADER | |
|---|---|
| fixed length control field | 00651nam a22002177a 4500 |
| 005 - DATE AND TIME OF LATEST TRANSACTION | |
| control field | 20240903124735.0 |
| 010 ## - LCCN (DPL NO) | |
| LC control number | ENG-131998-99 ENG-141594 |
| 020 ## - INTERNATIONAL STANDARD BOOK NUMBER | |
| International Standard Book Number | 9788192219530 |
| Terms of availability | 800.00(Set of 2) |
| 035 ## - SYSTEM CONTROL NUMBER | |
| System control number | EN-115530-31 |
| 035 ## - SYSTEM CONTROL NUMBER | |
| System control number | EN-125126 |
| 037 ## - SOURCE OF ACQUISITION | |
| Source of stock number/acquisition | DBAD |
| 082 ## - DEWEY DECIMAL CLASSIFICATION NUMBER | |
| Classification number | 921 |
| 100 ## - MAIN ENTRY--PERSONAL NAME | |
| Personal name | Ray, Prafulla Chandra |
| 245 ## - TITLE STATEMENT | |
| Title | Life and Experiences of A Bengali Chemist/ |
| Statement of responsibility, etc | By Prafulla Chandra Ray |
| 260 ## - PUBLICATION, DISTRIBUTION, ETC. (IMPRINT) | |
| Place of publication, distribution, etc | Kolkata |
| Name of publisher, distributor, etc | The Asiatic Society |
| Date of publication, distribution, etc | 2019 |
| 270 ## - ADDRESS | |
| City | Kolkata |
| Address | 1 Park Street |
| 300 ## - PHYSICAL DESCRIPTION | |
| Extent | 557p., 469p. |
| Other physical details | Index |
| Dimensions | 22cm(hbk) |
| 490 ## - SERIES STATEMENT | |
| Volume number/sequential designation | Vol 1, Vol 2 |
| 500 ## - GENERAL NOTE | |
| General note | Volume 1 to 2 |
| 942 ## - ADDED ENTRY ELEMENTS (KOHA) | |
| Source of classification or shelving scheme | Dewey Decimal Classification |
| Item type | English Books |
| Classification part | 921 |
| Call number suffix | RAY |
| Withdrawn status | Lost status | Materials specified (bound volume or other part) | Not for loan | Collection code | Home library | Current library | Date acquired | Source of acquisition | Cost, normal purchase price | Full call number | Barcode | Copy number | Cost, replacement price | Koha item type |
|---|---|---|---|---|---|---|---|---|---|---|---|---|---|---|
| Volume 1 | Non-fiction | Patel Nagar | Patel Nagar | 15/03/2022 | DBAD/PUB | 400.00 | 921 RAY | EN-115530 | 1 | 400.00 | English Books | |||
| VOLUME 2 | Non-fiction | Patel Nagar | Patel Nagar | 15/03/2022 | DBAD/PUB | 400.00 | 921 RAY | EN-115531 | 1 | 400.00 | English Books | |||
| VOL 2 | Non-fiction | Patel Nagar | Patel Nagar | 03/09/2024 | Delivery of Books Act Division | 400.00 | 921 RAY | EN-125126 | 1 | 400.00 | English Books |
